Quizzes
Events
Quiz Creation
Community
Videos
Private Events
Remove Ads
Sign In
Join for FREE
Feedback
Dark Mode
Quiz Categories
Sports
Geography
Music
Movies
Television
Just For Fun
Miscellaneous
History
Literature
Language
Science
Gaming
Entertainment
Religion
Holiday
For Kids
Quiz Lab
Recent
Popular Today
Quiz Kudos Today
Editor Picks
Curator Picks
Quizzes by...
Day
Popularity
Type
Ratings
Length
Year
Community
Subscriptions
Recent Discussions
Orange Saloon
Badges
Playlists
Quests
Create
Leaderboards
Showdown
Live 5
Trivia Bingo
Activity
Puzzle Library
Sporcle Events
Private Events
Virtual Trivia
Globe League
Become a Host
Pub Owners
SporcleCon
Opinionation
Our Games
Videos
Blog
Mobile Apps
Partnerships
Remove Ads and Go Orange
Feedback
Geography
Country
Landmarks
City
State
Population
World
Capital
Continent
Flags
Europe
Africa
Asia
South America
North America
Oceania
Border
Canada
United Kingdom
Topography
United States
Geography
Country
Landmarks
City
State
Population
World
Capital
Continent
Flags
Europe
Africa
Asia
South America
North America
Oceania
Border
Canada
United Kingdom
Topography
United States
Random Quiz
Search Sporcle
×
Quiz Lab
Quiz Lab
Geography
Country
Type in answers that appear in a list
Type in answers that appear in a list
Classic
Best Score? Go Orange.
International Phone Codes Stats
Can you name the International Phone Codes?
By
planetnumbers
15m
199 Questions
103 Plays
103 Plays
103 Plays
Comments
Comments
Give Quiz Kudos
Give Quiz Kudos
-
- Ratings
hide this ad
Replay
Link that replays current quiz
Next Quiz
Link to next quiz in quiz playlist
You Got
0%
They Got
Avg Score
31%
Avg Friend Score
Upgrade to see
Score Distribution
Jump to the score distribution portion of the page
Score
0/199
Timer
15:00
0
Plays Today
Country
Code
% Correct
United Kingdom
+44
79.6%
Brazil
+55
73.8%
Denmark
+45
73.8%
Argentina
+54
72.8%
Chile
+56
71.8%
Sweden
+46
71.8%
Austria
+43
70.9%
France
+33
70.9%
Spain
+34
70.9%
Australia
+61
69.9%
Norway
+47
69.9%
Colombia
+57
68.9%
Germany
+49
68.9%
Italy
+39
68.9%
Indonesia
+62
68%
Mexico
+52
68%
New Zealand
+64
68%
Poland
+48
68%
Romania
+40
68%
South Africa
+27
68%
Switzerland
+41
68%
Singapore
+65
68%
Belgium
+32
67%
Egypt
+20
67%
Greece
+30
67%
Hungary
+36
67%
Malaysia
+60
66%
Netherlands
+31
66%
Philippines
+63
66%
Cuba
+53
65%
Peru
+51
65%
USA
+1
64.1%
China
+86
62.1%
India
+91
62.1%
Afghanistan
+93
61.2%
Korea -
South
+82
61.2%
Burma/
Myanmar
+95
60.2%
turkey
+90
59.2%
Iran
+98
58.3%
Pakistan
+92
58.3%
Sri Lanka
+94
58.3%
Vietnam
+84
58.3%
Japan
+81
57.3%
Russia
+7
41.7%
Ireland
+353
37.9%
Mauritania
+222
34%
Finland
+358
33%
Gabon
+241
32%
Morocco
+212
32%
Mauritius
+230
32%
Nigeria
+234
32%
Central African Republic
+236
31.1%
Cape Verde Islands
+238
31.1%
Congo (Democratic Republic of)
+236
31.1%
Gambia
+220
31.1%
Ghana
+233
31.1%
Mali
+223
31.1%
Azores
+351
30.1%
Burkina Faso
+226
30.1%
Benin
+229
30.1%
Bulgaria
+359
30.1%
Chad
+235
30.1%
Cameroon
+237
30.1%
Congo
+242
30.1%
Comoros
+237
30.1%
Djibouti
+254
30.1%
Guinea-
Bissau
+224
30.1%
Country
Code
% Correct
Portugal
+351
30.1%
Algeria
+213
29.1%
Angola
+244
29.1%
Ascension Island
+247
29.1%
Albania
+355
29.1%
Burundi
+257
29.1%
Bosnia-
Herzegovina
+387
29.1%
Cote D'Ivoire
+225
29.1%
Cyprus
+357
29.1%
Croatia
+385
29.1%
Ethiopia
+251
29.1%
Iceland
+354
29.1%
Liberia
+231
29.1%
Luxembourg
+352
29.1%
Malta
+356
29.1%
Sudan
+249
29.1%
Kenya
+254
28.2%
Libya
+218
28.2%
Macedonia
+389
28.2%
Niger
+227
28.2%
Nepal
+264
28.2%
Rwanda
+250
28.2%
Sierra Leone
+232
28.2%
Somalia
+252
28.2%
Slovenia
+386
28.2%
Botswana
+267
27.2%
Lesotho
+266
27.2%
Mozambique
+258
27.2%
Madagascar
+261
27.2%
Malawi
+265
27.2%
Reunion
+262
27.2%
Senegal
+268
27.2%
Seychelles
+248
27.2%
Swaziland
+268
27.2%
Zambia
+260
27.2%
Zimbabwe
+263
27.2%
Hong Kong
+852
26.2%
Aruba
+297
25.2%
Eritrea
+291
25.2%
Faroe Islands
+298
25.2%
Gibraltar
+350
25.2%
Armenia
+374
24.3%
Andorra
+376
24.3%
Belarus
+375
24.3%
Czech Republic
+420
24.3%
Estonia
+372
24.3%
Greenland
+299
24.3%
Azerbaijan
+994
23.3%
Bolivia
+591
23.3%
Cambodia
+855
23.3%
Ecuador
+593
23.3%
Lithuania
+370
23.3%
Latvia
+371
23.3%
Moldova
+373
23.3%
St. Helena
+290
23.3%
San Marino
+378
23.3%
Ukraine
+380
23.3%
United Arab Emirates
+971
23.3%
Brunei
+673
22.3%
Fiji
+679
22.3%
Laos
+856
22.3%
Monaco
+377
22.3%
Macao
+853
22.3%
Maldives
+960
22.3%
Nauru
+674
22.3%
Bahrain
+973
21.4%
Bhutan
+975
21.4%
Country
Code
% Correct
East Timor
+670
21.4%
French Guiana
+594
21.4%
French Polynesia
+689
21.4%
Israel
+972
21.4%
Kuwait
+965
21.4%
Lebanon
+961
21.4%
North Marianos Islands
+670
21.4%
Papua New Guinea
+675
21.4%
Qatar
+974
21.4%
Bangladesh
+880
20.4%
Iraq
+964
20.4%
Kiribati
+686
20.4%
Korea -
North
+850
20.4%
Martinique
+596
20.4%
Mongolia
+976
20.4%
Palestine
+970
20.4%
Saudi Arabia
+966
20.4%
American Samoa
+684
19.4%
Guyana
+592
19.4%
Jordan
+962
19.4%
Kyrgyzstan
+996
19.4%
Liechtenstein
+423
19.4%
Netherlands Antilles
+599
19.4%
Niue Island
+683
19.4%
New Caledonia
+687
19.4%
Oman
+968
19.4%
Paraguay
+595
19.4%
Palau
+680
19.4%
Slovakia
+421
19.4%
Suriname
+597
19.4%
Taiwan
+886
19.4%
Yemen
+967
19.4%
Belize
+501
18.4%
Costa Rica
+506
18.4%
Equatorial Guinea
+503
18.4%
El Salvador
+503
18.4%
Guadeloupe
+590
18.4%
Georgia
+995
18.4%
Honduras
+504
18.4%
Micronesia
+691
18.4%
Nicaragua
+505
18.4%
Guatemala
+502
17.5%
Haiti
+509
17.5%
Marshall Islands
+692
17.5%
Panama
+507
17.5%
Falkland Islands
+500
16.5%
Kazakhstan
+731
10.7%
Anguilla
+1264
1%
Antigua & Barbuda
+1268
1%
Canada
+1204
1%
St. Vincent & Grenadines
+1784
1%
Antartica
+6721
0%
Bahamas
+1242
0%
Barbados
+1246
0%
Bermuda
+1441
0%
Cayman Islands
+1345
0%
Dominica
+1767
0%
Dominican Republic
+1809
0%
Grenada
+1473
0%
Guam
+1671
0%
Jamaica
+1876
0%
Montserrat
+1664
0%
Puerto Rico
+1787
0%
St. Lucia
+1758
0%
St. Kitts & Nevis
+1869
0%
Quiz Playlist
Details
Report
Send in Message
Add To Playlist
Classic:
Type in answers that appear in a list
Quiz Source
Last Updated: Jun 10, 2017
Quiz Scoreboard
CHALLENGE
Sign Up to Join the Scoreboard
Show All
Scores
Hide
Comments
May contain spoilers
Recently Published
Popular People in 1961
by mucciniale
History
6m
1-10 Letter E Words III
by El_Dandy
Language
2m
One Thing in Common: World Cities II
by knightlancer
Geography
7m
More to Explore
Quiz From the Vault
Featured Blog Post
Where Did the Easter Bunny Come From?
hide this ad
You Might Also Like...
Tags
Country Quiz
code
International
phone
Today's Top Quizzes in Geography
Browse Geography
hide this ad
Today's Top Quizzes in Country
Browse Country
Top Contributed Quizzes in Geography
1
Countries of the World - No Outlines Minefield
2
Top 25 Cities of France on a map
3
African Flag Reveal XLV
4
Closest Countries to UK A-Z
5
Blind Secret Country CLXXXVIII
6
Find the US States - No Outlines
7
One Thing in Common: Asia
8
One Thing in Common: United Kingdom
9
One Thing in Common: Geography
10
One Thing in Common: Around the World
Explore More
Trending Topics
NBA
Anime
Disney
Harry Potter
Crossword
Kpop
Marvel
Pokémon
Country
Puzzle
Song
WWE
Soccer
NFL
The Office
hide this ad
More By:
planetnumbers
Quiz
Plays
Rating
Category
Featured
Created
UK Phone Codes
414
2.80
Geography
Oct 23, 2009
USA Telephone Codes
114
1.80
Geography
Nov 9, 2009
International Phone Codes
103
4.50
Geography
Nov 8, 2009
UK Phone Codes (01501 to 01698)
68
4.33
Geography
Oct 23, 2009
UK Phone Codes 2 (01300 to 01495)
65
4.50
Geography
Oct 23, 2009
Go to Creator's Profile
Score Distribution
Quiz Creator Spotlight
planetnumbers
Follow
Send a Message
Quizzes Created
-
Created Quiz Play Count
-
More By This Creator
Popular Quizzes Today
1
Find the US States - No Outlines Minefield
2
The Countries of the World
3
Find the Countries of Europe - No Outlines Minefield
4
Popular People in 1961
5
1-10 Letter E Words III
6
Find the US States
7
One Thing in Common: World Cities II
8
US States
More Geography Quizzes
Erase Africa (Z-A)
Published
Trending Quizzes
Risky Map Clicking: Least Populous States A-Z
1-10 Letter F Words
1-10 Letter G Words
One Thing in Common: United Kingdom
Risky Map Clicking: Next State Alphabetically
Recently Updated
Leaping Animals
pecheneg
Reality TV Shows (A-Z)
bhenderson79
Rickey Henderson's Hall of Fame Teammates
pecheneg
Champions League XIs: Arsenal
pecheneg
Quick Pick: Celebrities in WWE's Hall of Fame
aduchscher
A-Z Keypad Blitz II
pecheneg
Multiple Oscar Actors
pecheneg
Mystery Phrase Blitz: Oscar 'Best Actors'
pecheneg
F. Scott Fitzgerald Novels
LTH
Pick 3 Villains
ddd62291
Trending Topics
Marvel
Disney
Kpop
Harry Potter
NBA
Anime
Crossword
NFL
Puzzle
Country
Song
WWE
Pokémon
Soccer
The Office
Your Account Isn't Verified!
In order to create a playlist on Sporcle, you need to verify the email address you used during registration. Go to your
Sporcle Settings
to finish the process.
Report this User
Report this user for behavior that violates our
Community Guidelines
.
Details:
Send Report
Go to the Sporcle.com Mobile Site →
Comments